Advanced financial management for M. Com and other post graduate classes / (Record no. 3525)
[ view plain ]
| 000 -LEADER | |
|---|---|
| fixed length control field | 00699nam a2200253 a 4500 |
| 006 - FIXED-LENGTH DATA ELEMENTS--ADDITIONAL MATERIAL CHARACTERISTICS--GENERAL INFORMATION | |
| fixed length control field | a||||gr|||| 001 0 |
| 007 - PHYSICAL DESCRIPTION FIXED FIELD--GENERAL INFORMATION | |
| fixed length control field | ta |
| 008 - FIXED-LENGTH DATA ELEMENTS--GENERAL INFORMATION | |
| fixed length control field | 251204t2025iii ii a|||gr|||| 0|1 ||eng|d |
| 020 ## - INTERNATIONAL STANDARD BOOK NUMBER | |
| International Standard Book Number | 9789351739784 |
| Terms of availability | Rs. 400.00 |
| 040 ## - CATALOGING SOURCE | |
| Original cataloging agency | IMU Kochi Library |
| Language of cataloging | eng |
| 041 0# - LANGUAGE CODE | |
| Language code of text/sound track or separate title | eng |
| 044 ## - COUNTRY OF PUBLISHING/PRODUCING ENTITY CODE | |
| MARC country code | India |
| 082 04 - DEWEY DECIMAL CLASSIFICATION NUMBER | |
| Classification number | 658.15 |
| Item number | G9597 |
| Edition number | 23 |
| 100 1# - MAIN ENTRY--PERSONAL NAME | |
| Personal name | Gupta, S. P. |
| 245 10 - TITLE STATEMENT | |
| Title | Advanced financial management for M. Com and other post graduate classes / |
| 260 ## - PUBLICATION, DISTRIBUTION, ETC. (IMPRINT) | |
| Place of publication, distribution, etc | Agra : |
| Name of publisher, distributor, etc | Sahitya bhawan publications, |
| Date of publication, distribution, etc | 2025 |
| 300 ## - PHYSICAL DESCRIPTION | |
| Extent | 443 p. : |
| Other physical details | : |
| Dimensions | 24 cm. |
| 500 ## - GENERAL NOTE | |
| General note | Includes index. |
| 650 #0 - SUBJECT ADDED ENTRY--TOPICAL TERM | |
| Topical term or geographic name as entry element | Finance, Personal |
| Form subdivision | Textbooks |
| 650 #0 - SUBJECT ADDED ENTRY--TOPICAL TERM | |
| Topical term or geographic name as entry element | Finance |
| Form subdivision | Textbooks |
| 852 ## - LOCATION/CALL NUMBER | |
| Location | IMU Kochi Library |
| 904 ## - LOCAL DATA ELEMENT D, LDD (RLIN) | |
| CATALOGER | Akhil Bose |
| 942 ## - ADDED ENTRY ELEMENTS (KOHA) | |
| Item type | Books |
| Withdrawn status | Lost status | Source of classification or shelving scheme | Damaged status | Not for loan | Collection code | Permanent location | Current location | Shelving location | Date acquired | Source of acquisition | Cost, normal purchase price | Full call number | Barcode | Date last seen | Koha item type |
|---|---|---|---|---|---|---|---|---|---|---|---|---|---|---|---|
| Management Studies | IMU Kochi Library | IMU Kochi Library | General Stacks | 2025-12-04 | M/s Sterling Book House (Inv. no. INV/5818 dated 18.11.2025) | 400.00 | 658.15 G9597 | BK007862 | 2025-12-11 | Books | |||||
| Management Studies | IMU Kochi Library | IMU Kochi Library | General Stacks | 2025-12-04 | M/s Sterling Book House (Inv. no. INV/5818 dated 18.11.2025) | 400.00 | 658.15 G9597 | BK007863 | 2025-12-11 | Books | |||||
| Management Studies | IMU Kochi Library | IMU Kochi Library | General Stacks | 2025-12-04 | M/s Sterling Book House (Inv. no. INV/5818 dated 18.11.2025) | 400.00 | 658.15 G9597 | BK007864 | 2025-12-11 | Books | |||||
| Management Studies | IMU Kochi Library | IMU Kochi Library | General Stacks | 2025-12-04 | M/s Sterling Book House (Inv. no. INV/5818 dated 18.11.2025) | 400.00 | 658.15 G9597 | BK007865 | 2025-12-11 | Books | |||||
| Management Studies | IMU Kochi Library | IMU Kochi Library | General Stacks | 2025-12-04 | M/s Sterling Book House (Inv. no. INV/5818 dated 18.11.2025) | 400.00 | 658.15 G9597 | BK007866 | 2025-12-11 | Books | |||||
| Management Studies | IMU Kochi Library | IMU Kochi Library | General Stacks | 2025-12-04 | M/s Sterling Book House (Inv. no. INV/5818 dated 18.11.2025) | 400.00 | 658.15 G9597 | BK007867 | 2025-12-11 | Books | |||||
| Management Studies | IMU Kochi Library | IMU Kochi Library | General Stacks | 2025-12-04 | M/s Sterling Book House (Inv. no. INV/5818 dated 18.11.2025) | 400.00 | 658.15 G9597 | BK007868 | 2025-12-11 | Books | |||||
| Management Studies | IMU Kochi Library | IMU Kochi Library | General Stacks | 2025-12-04 | M/s Sterling Book House (Inv. no. INV/5818 dated 18.11.2025) | 400.00 | 658.15 G9597 | BK007869 | 2025-12-11 | Books |